00499nam a2200181 a 4500001001300000003000900013005001700022008004100039020002300080082001500103100002000118245004300138260005200181300000800233500003500241650002100276700002000297nice12345678IN_TiNIC20260116014341.0091026s2008 newa grp 000 0 eng  a9781846841897c12500a155.4bSWA aSwainston, Tony aBehaviour Managementb Ideas in Action aNewyork bContinum Internation Pub.Group c2008 a88p aincludes index and biblioraphy aPsychology-Child1 aSwainston, Tony